000
00303nam a2200121Ia 4500
008
190723s9999 xx 000 0 und d
020
_a
978-93-84323-16-5
100
_a
Matheus Grasseli
245
0
_a
Numerical Mathematics
260
_a
New delhi
_b
Jones & Bartlett
_c
2017
300
_a
668.:p
942
_c
BK
999
_c
1786
_d
1786